| 000 | 00595nam a2200205 i 4500 | ||
|---|---|---|---|
| 001 | 130524 | ||
| 003 | ES-MaACL | ||
| 007 | t| | ||
| 008 | 070731s1985 sp ||||1| spa d | ||
| 020 | _a84-01-38059-6 | ||
| 100 | 1 |
_aZaragoza, Cristóbal. _9118028 |
|
| 245 | 1 | 0 |
_aDiálogo con el escritor ausente / _cCristóbal Zaragoza. |
| 250 | _a[1ª ed.]. | ||
| 260 |
_aBarcelona : _bPlaza & Janés, _c1985. |
||
| 300 |
_a251 p. ; _c19 cm. |
||
| 490 | 1 | _aPlaza & Janés literaria | |
| 830 | 0 |
_aPlaza & Janés literaria _9177814 |
|
| 852 |
_aES-MaACL _jL-9541 _bR.110788 |
||
| 999 |
_c130524 _d130524 |
||